| 000 | 00740nam a22002297a 4500 | ||
|---|---|---|---|
| 005 | 20170124110057.0 | ||
| 010 | _aB-059818 | ||
| 020 |
_c00.00 _a8185398518 |
||
| 035 | _aB-059818 | ||
| 037 | _bCen Lib/Ret | ||
| 040 |
_aDPL _bEN |
||
| 082 |
_a651.78 _bGAR |
||
| 100 |
_aGarg, R. K. _926648 |
||
| 245 |
_aBharat's handbook on project repots : _cby R. K. Garg _bcontents preparation analysis and financing / |
||
| 260 |
_aNew Delhi _bBharat Publishing House _c2000 |
||
| 270 |
_bNew Delhi _aT-1/95, Mangolpuri Industrial Area Phase -I _e110083 |
||
| 300 |
_a267p. _c22cm(Hb) |
||
| 500 | _aIncludes index | ||
| 650 |
_aCommerce _9107455 |
||
| 650 |
_aBusiness Environment _9107456 |
||
| 942 |
_2ddc _cEN _h651.78 _mGAR |
||
| 999 |
_c129535 _d129535 |
||